Southville International School and Colleges
Your cart is empty.
  • Cart
  • Lists
    Public lists Eva Luna New books Lux_list list_1
    Your lists Log in to create your own lists
  • Log in to your account
  • Your cookies
  • Search history
Southville International School and Colleges
  • Advanced search
  • Recent comments
  • Most popular
  • Libraries

Log in to your account

Log in with GOOGLE


If you do not have an external account, but do have a local account, you can still log in:

  1. Home
  2. MARC view: Pinocchio /
Normal view MARC view ISBD view

Pinocchio / (Record no. 106281)

[ view plain ]
MARC details
000 -LEADER
fixed length control field 00358nam a2200145 a 4500
005 - DATE AND TIME OF LATEST TRANSACTION
control field 20140412111428.0
008 - FIXED-LENGTH DATA ELEMENTS--GENERAL INFORMATION
fixed length control field 090224s19uu xx 00 eng d
020 ## - INTERNATIONAL STANDARD BOOK NUMBER
International Standard Book Number 2-7641-1846-5
050 ## - LIBRARY OF CONGRESS CALL NUMBER
Classification number ER
Item number Pi65 2005
100 ## - MAIN ENTRY--PERSONAL NAME
Personal name Fonte, Isabel
245 ## - TITLE STATEMENT
Title Pinocchio /
Statement of responsibility, etc Isabel Fonte.
260 ## - PUBLICATION, DISTRIBUTION, ETC. (IMPRINT)
Place of publication, distribution, etc Canada :
Name of publisher, distributor, etc Tormont,
Date of publication, distribution, etc 2005.
300 ## - PHYSICAL DESCRIPTION
Extent 24p.
Holdings
Withdrawn status Lost status Damaged status Home library Current library Shelving location Date acquired Source of acquisition Total Checkouts Full call number Barcode Date last seen Price effective from Koha item type
      Elizalde Library Elizalde Library Easy Reading Section 02/24/2009     ER Pi65 2005 E11537 04/12/2014 04/12/2014 Books

Pinocchio /

APA

Fonte I., . (2005). Pinocchio. Canada: Tormont.

Chicago

Fonte Isabel, . 2005. Pinocchio. Canada: Tormont.

Harvard

Fonte I., . (2005). Pinocchio. Canada: Tormont.

MLA

Fonte Isabel, . Pinocchio. Canada: Tormont. 2005.

  • Place hold
  • Print
  • Cite
  • Add to your cart (remove)
  • Save record
    BIBTEX Dublin Core MARCXML MARC (non-Unicode/MARC-8) MARC (Unicode/UTF-8) MARC (Unicode/UTF-8, Standard) MODS (XML) RIS
  • More searches
    Search for this title in:
    Other Libraries (WorldCat) Other Databases (Google Scholar) Online Stores (Bookfinder.com) Open Library (openlibrary.org)

Exporting to Dublin Core...

SOUTHVILLE LIBRARY

Southville International School and Colleges Library

1281 Tropical Ave. Cor. Luxembourg St., BF Homes International, Las Pinas City

Tel. No. 8256374 / 252358 Loc. 117/146

Powered by Koha